000 00405nam a2200145Ia 4500
008 100122s9999 xx 000 0 und d
082 _b31680
_a822
100 _aबोरकर कमलाकर
245 _aकाळसर्प
260 _bत्रिदल प्रकाशन
_c1981
300 _a67
630 _aकाळसर्प
730 _aकाळसर्प
942 _cBOOK
999 _c416204
_d416201